000
00337nam a22001457a 4500
008
230329b ||||| |||| 00| 0 eng d
020
_a
0442225636
041
_a
eng
080
_2
2ND EDITION
_a
621
082
_a
621NOV
100
_a
19
101
_a
MEKATRO
245
_a
HANDBOOK OF NONPOINT POLLUTION
_c
NOVOTNY.V
942
_2
udc
_c
BK
999
_c
59474
_d
59474